|
|
|
|
| LEADER |
00000nam a2200000 a 4500 |
| 001 |
vtls001295300 |
| 003 |
SK-MaSNL |
| 005 |
20260301195802.0 |
| 008 |
251124s1988 US 0 lat |
| 020 |
|
|
|a 0865162036
|c [200,00]
|
| 035 |
|
|
|a SNK000247111
|
| 040 |
|
|
|a SNK
|b slo
|c SNK
|e AACR2
|
| 041 |
0 |
|
|a lat
|
| 044 |
|
|
|a US
|
| 080 |
|
|
|a 807.1(075.4)(076.5)
|2 1981
|
| 100 |
1 |
|
|a Sweet, Waldo E.
|4 aut
|9 42197
|
| 245 |
1 |
0 |
|a Artes latinae
|b latin
|n level 2
|p Unit tests. [Units 1-24]
|c by Waldo E. Sweet, Judith B. Moore, Joseph Rafacz
|
| 260 |
|
|
|a Wauconda
|b Bolchazy-Carducci Publishers
|c 1988
|
| 300 |
|
|
|a 111 s.
|c 26 cm
|
| 650 |
0 |
7 |
|a latinčina
|x testy
|x učebnice kurzov
|2 SNK
|9 578135
|
| 700 |
1 |
|
|a Moore, Judith B.
|4 aut
|9 456044
|
| 700 |
1 |
|
|a Rafacz, Joseph
|4 aut
|9 578136
|
| 919 |
|
|
|a 0-86516-203-6
|
| 958 |
|
|
|a OND
|
| 999 |
|
|
|c 887359
|d 889289
|
| 952 |
|
|
|t P60, <03>, [BOOK], {603}
|a SNK
|b SNK
|y PREZ
|7 0
|p 17A0077943
|o snkSB 57487/2/[3]
|i snkV 2004/97
|0 0
|1 0
|4 0
|d 1997-07-22
|f 1
|l 0
|r 2025-04-09 00:00:00
|w 2026-02-24
|